Football par lettre - A - Statistiques

Statistiques générales
  • Ce quiz a été pris 277 fois
  • Le résultat moyen est 8 sur 15
Statistiques - réponses
Indice Réponse % Correct
Enceinte où évolue l'équipe anglaise de Liverpool Anfield
90%
Nationalité du défenseur du Real Madrid David Alaba Autriche
87%
Président emblématique d'un club de Ligue 1 sept fois champion de France Jean-Michel Aulas
85%
Club commun à Luis Suarez, Wesley Sneijder et Dennis Bergkamp Ajax Amsterdam
84%
Ville où évolue le club de football de l'AEK Athènes
81%
Nation défaite par l'Allemagne en huitièmes de finale de la Coupe du Monde 2014 Algérie
74%
Club français que rejoint la star roumaine Adrian Mutu en 2012 AC Ajaccio
61%
Nom de famille des footballeurs fils de l'ancien marseillais Abedi Pelé Ayew
57%
Prénom de la norvégienne Hegerberg, première ballon d'or féminin en 2018 Ada
52%
Geste technique aérien maîtrisé à la perfection par Zlatan Ibrahimovic Aile de pigeon
46%
Joueur russe auteur d'un quadruplé face à Liverpool en avril 2009 Andrey Arshavin
42%
Sponsor principal du maillot porté par Wayne Rooney et Cristiano Ronaldo entre 2006 et 2009 à Manchester United AIG
22%
Attaquant hongrois qui remporte le ballon d'or en 1967 Flórián Albert
18%
Nom du championnat de football suédois Allsvenskan
9%
Joueur auteur du but vainqueur entre Montpellier et Lille lors de la 37e journée de Ligue 1 en 2012, qui offre quasiment le titre de champion de France au MHSC Karim Aït-Fana
8%
Aucun quiz correspondant
Distribution des résultats
% des personnes avec chaque résultat
Percentile par nombre de réponses
Votre historique - résultats
Vous n’avez pas pris ce quiz